000 00316nam a22001217a 4500
008 190315b xxu||||| |||| 00| 0 eng d
041 _aeng
080 _a043.3
100 _a0
101 _aINI-BA
245 _aRoli dhe rëndësia e mbrojtsjes në punë në sektorin e ndërtimtarisë
_cHajrizi,R
942 _2udc
_cBK
999 _c54843
_d54843